| 000 | 02116nam a2200373 c 4500 | ||
|---|---|---|---|
| 003 | BLK | ||
| 005 | 20180422115338.0 | ||
| 008 | 180411b bul|||||r ||||||| ||bul|| | ||
| 010 | _aKNG00193299000 | ||
| 040 | _aBLK | ||
| 041 |
_aBUL _cBUL |
||
| 080 |
_aСпециална част на наказателното право. Видове наказуеми действия - Срещу собствена или чужда държава и управлението, политически престъпления,геноцид(прав.аспекти), наркотрафик, против мира, обществен _b343.3/.7 _x(094.9)(075.8) _z343.3/.7(094.9)(075.8) |
||
| 100 | 1 |
_aДочев, Михаил _eпърви автор _gМихайлов, Михаил Дочев _9367589 |
|
| 700 | 1 |
_aМихайлов, Михаил Дочев _e* _9373947 |
|
| 139 |
_aДочев, Михаил _bД 84 |
||
| 245 | 1 | 0 |
_aСборник от тестове и казуси по съдебно-счетоводни експертизи _bЗа студентите от ВФСИ Д. А. Ценов - Свищов _cМихаил Дочев; * Михаил Дочев Михайлов. |
| 257 | _aBGR | ||
| 260 |
_аСвищов _bВФСИ Д. А. Ценов _c1990 |
||
| 300 |
_a44 с. _c20 см |
||
| 380 | _a3 | ||
| 500 | _aКор. загл. Тестове по съдебно-счетоводни експертизи. - Пълното име на авт. е Михаил Дочев Михайлов. - Изд. на ВФСИ Д. А. Ценов - Свищов. Кат. Счетоводна отчетност. - 485 тир. | ||
| 650 | 4 |
_aСъдебно-счетоводни експертизи _9172940 |
|
| 650 | 4 |
_aТестове _9173572 |
|
| 653 | _aсъдебни експертизи | ||
| 653 | _aсчетоводство | ||
| 653 | _aтестове | ||
| 653 | _aказуси | ||
| 653 | _aучебници за ВУЗ | ||
| 852 | _aЦб 164046 | ||
| 856 | 4 |
_qpdf _u |
|
| 856 | 4 |
_qpdf _u |
|
| 942 |
_cKNG _n0 |
||
| 944 |
_aCR _c17.10.2016 _kСевдалина_Василева |
||
| 944 |
_aED _c17.10.2016 _kСевдалина_Василева |
||
| 999 |
_c184346 _d184346 |
||